Southville International School and Colleges
Your cart is empty.
  • Cart
  • Lists
    Public lists Eva Luna New books Lux_list list_1
    Your lists Log in to create your own lists
  • Log in to your account
  • Your cookies
  • Search history
Southville International School and Colleges
  • Advanced search
  • Recent comments
  • Most popular
  • Libraries

Log in to your account

Log in with GOOGLE


If you do not have an external account, but do have a local account, you can still log in:

  1. Home
  2. MARC view: How great leaders get great results /
Normal view MARC view ISBD view

How great leaders get great results / (Record no. 356878)

[ view plain ]
MARC details
000 -LEADER
fixed length control field 00602nam a2200217Ia 4500
008 - FIXED-LENGTH DATA ELEMENTS--GENERAL INFORMATION
fixed length control field 180523s9999 xx 000 0 und d
020 ## - INTERNATIONAL STANDARD BOOK NUMBER
International Standard Book Number 0-07-146487-5
050 ## - LIBRARY OF CONGRESS CALL NUMBER
Classification number MAIN HD 38.25
050 ## - LIBRARY OF CONGRESS CALL NUMBER
Item number .U6B35 2006
100 ## - MAIN ENTRY--PERSONAL NAME
Personal name Baldoni, John.
245 #0 - TITLE STATEMENT
Title How great leaders get great results /
245 #0 - TITLE STATEMENT
Statement of responsibility, etc John Baldoni.
260 ## - PUBLICATION, DISTRIBUTION, ETC. (IMPRINT)
Place of publication, distribution, etc New York :
260 ## - PUBLICATION, DISTRIBUTION, ETC. (IMPRINT)
Name of publisher, distributor, etc McGraw-Hill,
260 ## - PUBLICATION, DISTRIBUTION, ETC. (IMPRINT)
Date of publication, distribution, etc 2006
300 ## - PHYSICAL DESCRIPTION
Extent 253 pages :
300 ## - PHYSICAL DESCRIPTION
Dimensions 21 cm.
500 ## - GENERAL NOTE
General note Includes bibliographical references and index.
650 ## - SUBJECT ADDED ENTRY--TOPICAL TERM
Topical term or geographic name as entry element Executive ability -- United States.
650 ## - SUBJECT ADDED ENTRY--TOPICAL TERM
General subdivision Leadership -- United States.
Holdings
Withdrawn status Lost status Damaged status Home library Current library Shelving location Date acquired Cost, normal purchase price Total Checkouts Full call number Barcode Date last seen Price effective from Koha item type
      South Mansfield College South Mansfield College   06/18/2006 1.00   MAIN HD 38.25 .U6B35 2006 SMC03590 05/23/2018 05/23/2018  

How great leaders get great results /

APA

Baldoni J., .How great leaders get great results. New York: .

Chicago

Baldoni John, .How great leaders get great results. New York: .

Harvard

Baldoni J., .How great leaders get great results. New York: .

MLA

Baldoni John, .New York: . .

  • Place hold
  • Print
  • Cite
  • Add to your cart (remove)
  • Save record
    BIBTEX Dublin Core MARCXML MARC (non-Unicode/MARC-8) MARC (Unicode/UTF-8) MARC (Unicode/UTF-8, Standard) MODS (XML) RIS
  • More searches
    Search for this title in:
    Other Libraries (WorldCat) Other Databases (Google Scholar) Online Stores (Bookfinder.com) Open Library (openlibrary.org)

Exporting to Dublin Core...

SOUTHVILLE LIBRARY

Southville International School and Colleges Library

1281 Tropical Ave. Cor. Luxembourg St., BF Homes International, Las Pinas City

Tel. No. 8256374 / 252358 Loc. 117/146

Powered by Koha